Riconosci il Pokémon - Quiz n°795 - Statistics

Statistiche generali
  • Questo quiz è stato fatto 0 volte
  • Il punteggio medio è 0 su 10
Statistiche sulle risposte
Indizio Riposta % Corretto
Altezza 1,5 m
0%
Tasso di cattura 45 (11.9%)
0%
Sesso 50% ♂, 50% ♀
0%
Peso 84,0 kg
0%
Abilità Antisuono; Nervisaldi
0%
Pokémon Exploud
0%
Tasso di allevamento Medio-Lento
0%
Tipo Normale
0%
Stadio evoluzione Seconda evoluzione
0%
Generazione Terza
0%
Nessun quiz corrispondente trovato
Distribuzione punteggi
Percentuale di utenti per punteggio
Percentile per numero di risposta
I tuoi punteggi nel tempo
Non hai fatto questo quiz